Philippines cities - sudden death - Statistics

General Stats
  • This quiz has been taken 602 times
  • The average score is 18 of 25
Answers on the Grid
Answers color-coded by a green-red scale on the quiz's grid according to % correct below.
Manila
Baghdad
Rio de Janeiro
Birmingham
Antipolo
Kassel
Zamboanga
Babruysk
Quebec City
Angeles
Tagbilaran
Qazvin
Calbayog
Rangpur
Nanchong
Cebu City
Caloocan
Tacloban
Roxas
Nam Định
Puerto Princesa
Khiva
Tarlac City
Mbeya
Sétif
Mabalacat
General Trias
Moçâmedes
Los Angeles
Iloilo City
Berbérati
Kaolack
Kpalime
Quezon City
Nouadhibou
Cagayan de Oro
Valenzuela
Muyinga
Davao City
Dasmariñas
Budva
General Santos
San Jose del Monte
Bacolod
Siquijor
Lapu-Lapu City
Arad
Minya
 
Answer Stats
Answer % Correct
Luzon Manila
99%
Cebu Cebu City
82%
Luzon Quezon City
78%
Luzon Antipolo
76%
Mindanao Davao City
76%
Panay Iloilo City
76%
Mindanao Zamboanga
75%
Luzon Caloocan
74%
Mactan Lapu-Lapu City
74%
Luzon Tarlac City
74%
Palawan Puerto Princesa
72%
Negros Bacolod
70%
Mindanao General Santos
70%
Leyte Tacloban
70%
Luzon Angeles
69%
Mindanao Cagayan de Oro
69%
Samar Calbayog
68%
Bohol Tagbilaran
68%
Panay Roxas
67%
Luzon Mabalacat
62%
Luzon General Trias
61%
Luzon San Jose del Monte
60%
Luzon Valenzuela
60%
Siquijor Siquijor
58%
Luzon Dasmariñas
57%
No matching quizzes found
Score Distribution
Percent of People with Each Score
Percentile by Number Answered
Your Score History
You have not taken this quiz